| 000 | 00909cab a2200277 4500 | ||
|---|---|---|---|
| 001 | ABS57501 | ||
| 008 | 090401t1997 xxu||||| |||| 00| 0 eng d | ||
| 035 | _a(Sirsi) u80259 | ||
| 041 | _aeng | ||
| 100 | _aD`Oyley, C | ||
| 245 | _aSustainable development: a sensible approach | ||
| 260 | _c1997 | ||
| 350 | _a0 | ||
| 490 |
_aQuarry Management _v24(8) August 1997, 33-36(4) |
||
| 520 | _aConsiders public opinion with regard to the environmental effects of the quarrying of minerals. Describes the background to planning policy and the need for more research into alternative mineral resources. | ||
| 650 | _aAGGREGATES | ||
| 650 | _aALTERNATIVE SOURCES | ||
| 650 | _aEXTRACTION | ||
| 650 | _aMINERAL PLANNING GUIDANCE NOTES | ||
| 650 | _aPUBLIC OPINION | ||
| 650 | _aQUARRIES | ||
| 650 | _aSUSTAINABLE DEVELOPMENT | ||
| 690 | _aMINING AND MINERALS | ||
| 942 | _n0 | ||
| 948 | _c14/08/1997 | ||
| 999 |
_c50525 _d50525 |
||